| 000 | 00493nam a2200169 a 4500 | ||
|---|---|---|---|
| 001 | 6081 | ||
| 003 | CO-ViMGA | ||
| 008 | 141112s2004 ck r 000 u spa d | ||
| 040 |
_aCO-ViMGA _bspa _cCO-ViMGA |
||
| 082 | 0 | 4 | _aROMli |
| 100 | 1 |
_aRomán, Celso _92364 |
|
| 245 | 1 | 0 |
_aEl libro de las ciudades : _bcompilación de un recorrido por lugares no imaginados |
| 260 |
_aSantafé de Bogotá : _bPanAméricana, _c1997 |
||
| 300 | _a147 p | ||
| 650 | 1 | 4 |
_aCUENTOS INFANTILES _92743 |
| 942 |
_2ddc _cBK |
||
| 999 |
_c18055 _d18055 |
||